[Event "VII Open Vallee d'Aoste A"]
[Site "Saint Vincent - Chatillon ITA"]
[Date "1999.02.08"]
[Round "3"]
[White "Lugovoi, Aleksei"]
[Black "Cacco, Christian"]
[Result "1-0"]
[WhiteElo "2510"]
[BlackElo "2192"]
[PlyCount "73"]
[EventDate "1999.02.06"]

1. d4 Nf6 2. c4 g6 3. Nc3 Bg7 4. e4 d6 5. Nf3 O-O 6. Be2 e5 7. d5 Nbd7 8. Bg5
h6 9. Bh4 a5 10. Nd2 Nc5 11. O-O c6 12. Kh1 g5 13. Bg3 Qe7 14. h3 Kh7 15. b3
Rh8 16. a3 Na6 17. b4 c5 18. bxa5 h5 19. Na4 h4 20. Bh2 Nc7 21. Nb6 Rxa5 22.
Nxc8 Rxc8 23. Qb3 Ra7 24. Nb1 Qd7 25. Nc3 Rb8 26. Rfb1 Bh6 27. Qd1 Bf8 28. Qd3
Be7 29. Nd1 g4 30. hxg4 Nxg4 31. Qh3 Rg8 32. Rb3 Rg6 33. Rf3 Kg8 34. Ne3 Ne8
35. Rxf7 Nef6 36. Bxg4 Nxg4 37. Nxg4 1-0

[Event "VII Open Vallee d'Aoste A"]
[Site "Saint Vincent - Chatillon ITA"]
[Date "1999.02.08"]
[Round "3"]
[White "Mantovani, Renzo"]
[Black "Chatalbashev, Boris"]
[Result "1-0"]
[WhiteElo "2377"]
[BlackElo "2524"]
[PlyCount "85"]
[EventDate "1999.02.06"]

1. d4 g6 2. e4 Bg7 3. Nf3 c5 4. c3 Qa5 5. Bc4 cxd4 6. O-O d3 7. Qb3 e6 8. Bf4
Ne7 9. Nbd2 Nbc6 10. Bxd3 e5 11. Be3 O-O 12. Nc4 Qc7 13. Bc5 Na5 14. Qb4 Nec6
15. Qa3 d5 16. Bd6 Qd8 17. Nxa5 Nxa5 18. Be7 Qc7 19. exd5 Bg4 20. d6 Qb6 21.
Qb4 Bxf3 22. Qxb6 axb6 23. Bxf8 Bxf8 24. gxf3 Bxd6 25. Rfd1 Kf8 26. Bxg6 hxg6
27. Rxd6 Nc4 28. Rd7 Nxb2 29. Rxb7 Na4 30. Rd1 Kg8 31. Rdd7 Nc5 32. Ra7 Rf8 33.
Re7 Ne6 34. h4 Kg7 35. Kh2 Kf6 36. Reb7 Nf4 37. Kg3 Ne2+ 38. Kg4 Nxc3 39. Rxb6+
Kg7 40. Kg5 Kg8 41. Rba6 e4 42. Ra8 exf3 43. Kg4 1-0

[Event "VII Open Vallee d'Aoste A"]
[Site "Saint Vincent - Chatillon ITA"]
[Date "1999.02.08"]
[Round "3"]
[White "Novikov, Igor A."]
[Black "De la Riva Aguado, Oscar"]
[Result "1-0"]
[WhiteElo "2601"]
[BlackElo "2495"]
[PlyCount "67"]
[EventDate "1999.02.06"]

1. d4 f5 2. g3 Nf6 3. Bg2 g6 4. Nf3 Bg7 5. O-O O-O 6. c4 d6 7. Nc3 Qe8 8. d5 a5
9. Nd4 Na6 10. e4 fxe4 11. Nxe4 Nxe4 12. Bxe4 Bh3 13. Re1 Nc5 14. Bh1 Qf7 15.
Be3 Rae8 16. Qd2 e5 17. dxe6 Nxe6 18. Nxe6 Bxe6 19. Rac1 b6 20. b3 Bd7 21. Bd5
Be6 22. Bg2 Bd7 23. Bd5 Be6 24. Bc6 Bd7 25. Bxd7 Qxd7 26. c5 bxc5 27. Rxc5 a4
28. Rec1 Bb2 29. R1c2 Rxe3 30. Rxc7 Qg4 31. Qxe3 Bd4 32. Qd3 axb3 33. Qxb3+ Kh8
34. Rf7 1-0

[Event "VII Open Vallee d'Aoste A"]
[Site "Saint Vincent - Chatillon ITA"]
[Date "1999.02.08"]
[Round "3"]
[White "Ortega, Lexy"]
[Black "Drasko, Milan"]
[Result "1-0"]
[WhiteElo "2485"]
[BlackElo "2505"]
[PlyCount "43"]
[EventDate "1999.02.06"]

1. d4 e6 2. Nf3 Nf6 3. Bf4 b6 4. e3 Bb7 5. Nbd2 d6 6. Bd3 Nbd7 7. e4 h6 8. Qe2
g5 9. Bg3 Nh5 10. e5 g4 11. exd6 cxd6 12. Nh4 Qg5 13. O-O Be7 14. Rae1 Kf8 15.
f3 Nxg3 16. hxg3 Bf6 17. c3 gxf3 18. Ndxf3 Qxg3 19. Ng6+ fxg6 20. Qxe6 Rh7 21.
Re2 b5 22. Bxg6 1-0

[Event "VII Open Vallee d'Aoste A"]
[Site "Saint Vincent - Chatillon ITA"]
[Date "1999.02.08"]
[Round "3"]
[White "Sadvakasov, Darmen"]
[Black "Tomescu, Vlad"]
[Result "0-1"]
[WhiteElo "2487"]
[BlackElo "2436"]
[PlyCount "100"]
[EventDate "1999.02.06"]

1. e4 c5 2. Nf3 Nc6 3. Bb5 e6 4. O-O Nge7 5. Nc3 a6 6. Bxc6 Nxc6 7. d4 cxd4 8.
Nxd4 Be7 9. Nxc6 bxc6 10. e5 O-O 11. Ne4 c5 12. Qg4 Kh8 13. Rd1 Bb7 14. c4 f5
15. exf6 gxf6 16. b3 Rg8 17. Qf4 Rg6 18. Bb2 d5 19. cxd5 exd5 20. Rac1 d4 21.
f3 Qd5 22. b4 Rag8 23. Rd2 Qe5 24. Qxe5 fxe5 25. Re2 Bxe4 26. fxe4 cxb4 27. Rc7
Bd6 28. Rc6 a5 29. g3 a4 30. Rd2 h5 31. Kg2 h4 32. Rd3 Kh7 33. Bc1 R8g7 34. Kh3
hxg3 35. Rxg3 Rc7 36. Rxc7+ Bxc7 37. Rf3 Kg7 38. Bd2 Rb6 39. Rf1 b3 40. axb3
axb3 41. Rb1 Bd6 42. Kg4 b2 43. Kf5 Rb5 44. Ke6 Ba3 45. Bg5 Kh7 46. Bf6 d3 47.
Kf5 Rb7 48. Bxe5 d2 49. Bxb2 Bxb2 50. e5 Rb5 0-1

[Event "VII Open Vallee d'Aoste A"]
[Site "Saint Vincent - Chatillon ITA"]
[Date "1999.02.08"]
[Round "3"]
[White "Sarno, Spartaco"]
[Black "Arlandi, Ennio"]
[Result "0-1"]
[WhiteElo "2358"]
[BlackElo "2445"]
[PlyCount "36"]
[EventDate "1999.02.06"]

1. e4 c5 2. Nf3 e6 3. d4 cxd4 4. Nxd4 Nf6 5. Nc3 d6 6. Be3 a6 7. f3 b5 8. Qd2
Bb7 9. g4 h6 10. O-O-O Nbd7 11. h4 b4 12. Nce2 d5 13. exd5 Nxd5 14. Nf4 Ne5 15.
Be2 Rc8 16. g5 Nc3 17. Nfxe6 fxe6 18. Bf4 Qxd4 0-1

[Event "VII Open Vallee d'Aoste A"]
[Site "Saint Vincent - Chatillon ITA"]
[Date "1999.02.08"]
[Round "3"]
[White "Sulava, Nenad"]
[Black "Vera Gonzalez-Quevedo, Reynaldo"]
[Result "0-1"]
[WhiteElo "2466"]
[BlackElo "2547"]
[PlyCount "82"]
[EventDate "1999.02.06"]

1. d4 d5 2. c4 e6 3. Nf3 c6 4. Qc2 Bd6 5. Nc3 dxc4 6. e4 b5 7. a4 Bb4 8. Bd2
Bb7 9. axb5 Bxc3 10. Bxc3 cxb5 11. b3 Nf6 12. Nd2 Nc6 13. bxc4 b4 14. Bb2 Nxd4
15. Qd3 Nc6 16. Qg3 Qxd2+ 17. Kxd2 Nxe4+ 18. Ke3 Nxg3 19. hxg3 f6 20. Bd3 Kf7
21. Be4 a5 22. Rh5 f5 23. Bf3 a4 24. Rd1 Rad8 25. Rb1 Na5 26. Bxb7 Nxb7 27. Ba3
b3 28. Rh4 g5 29. Rd4 e5 30. Rxd8 Rxd8 31. Rh1 Kg6 32. Rc1 Na5 33. c5 Nc6 34.
Rc4 Rd4 35. Rc1 f4+ 36. gxf4 gxf4+ 37. Kf3 Kf5 38. Rh1 Rd3+ 39. Ke2 Rd7 40. Bb2
Nd4+ 41. Kd3 a3 0-1

[Event "VII Open Vallee d'Aoste A"]
[Site "Saint Vincent - Chatillon ITA"]
[Date "1999.02.09"]
[Round "4"]
[White "Artizzu, Giulio"]
[Black "Wunnink, Michael"]
[Result "1-0"]
[WhiteElo "1738"]
[BlackElo "2211"]
[PlyCount "41"]
[EventDate "1999.02.06"]

1. e4 c5 2. Nc3 Nc6 3. Nf3 d6 4. d4 cxd4 5. Nxd4 Nf6 6. Bg5 e6 7. f4 h6 8. Bh4
Be7 9. Nxc6 bxc6 10. Qf3 e5 11. f5 Rb8 12. Bc4 Qa5 13. Bb3 Ba6 14. O-O-O Qc7
15. g4 Rb7 16. Bxf6 Bxf6 17. h4 Rb8 18. Kb1 Ke7 19. Rdg1 g5 20. fxg6 fxg6 21.
g5 1-0

[Event "VII Open Vallee d'Aoste A"]
[Site "Saint Vincent - Chatillon ITA"]
[Date "1999.02.09"]
[Round "4"]
[White "Cacco, Christian"]
[Black "Zelcic, Robert"]
[Result "0-1"]
[WhiteElo "2192"]
[BlackElo "2554"]
[PlyCount "98"]
[EventDate "1999.02.06"]

1. d4 c5 2. c3 e6 3. Nf3 Nf6 4. Bf4 Nc6 5. e3 d5 6. Bd3 Bd6 7. Bxd6 Qxd6 8. O-O
O-O 9. Nbd2 e5 10. dxe5 Nxe5 11. Nxe5 Qxe5 12. Nf3 Qh5 13. Be2 Re8 14. b4 b6
15. bxc5 bxc5 16. c4 dxc4 17. Rc1 Rb8 18. Rxc4 Ba6 19. Rh4 Bxe2 20. Qxe2 Qf5
21. Rc4 Rb1 22. Qc2 Rxf1+ 23. Kxf1 Ne4 24. Ng5 Qxg5 25. Rxe4 Rd8 26. Qa4 g6 27.
Re8+ Rxe8 28. Qxe8+ Kg7 29. Qd7 a6 30. Qc6 Qg4 31. Qd5 h5 32. e4 Qc8 33. Ke2
Qb8 34. g3 Qb2+ 35. Qd2 Qe5 36. Qd5 Qb2+ 37. Qd2 Qb5+ 38. Ke3 Qb6 39. Qc3+ Kg8
40. Kf4 c4 41. Kg5 Kh7 42. f3 Qc5+ 43. Kf6 Kg8 44. e5 Qd5 45. Kg5 Qd3 46. Qa5
Kg7 47. Qxa6 Qf5+ 48. Kh4 g5+ 49. Kxh5 Qg6+ 0-1

[Event "VII Open Vallee d'Aoste A"]
[Site "Saint Vincent - Chatillon ITA"]
[Date "1999.02.09"]
[Round "4"]
[White "Cebalo, Miso"]
[Black "Ciuffoletti, Paolo"]
[Result "1-0"]
[WhiteElo "2511"]
[BlackElo "2163"]
[PlyCount "93"]
[EventDate "1999.02.06"]

1. c4 g6 2. d4 Bg7 3. e4 Nc6 4. d5 Nd4 5. Ne2 c5 6. Nxd4 Bxd4 7. Nd2 d6 8. Nf3
Bg7 9. Be2 Nf6 10. e5 dxe5 11. Nxe5 Nd7 12. Nf3 O-O 13. O-O Qc7 14. Bg5 Nb6 15.
Qd2 Bg4 16. Rac1 Rad8 17. Rfe1 Rfe8 18. h3 Bxf3 19. Bxf3 Nc8 20. b4 b6 21. bxc5
Qxc5 22. Be3 Qd6 23. c5 bxc5 24. Bxc5 Qd7 25. Qa5 Bh6 26. Rcd1 Bf4 27. Bg4 f5
28. Be2 Bc7 29. Qc3 Nd6 30. Qe3 Ne4 31. Bc4 Nxc5 32. d6+ e6 33. dxc7 Qxc7 34.
Bb5 Rxd1 35. Rxd1 Rb8 36. a4 Ne4 37. Rd7 Qb6 38. Rxa7 Qxe3 39. fxe3 Nd6 40. Bc6
Rb1+ 41. Kf2 Nc4 42. a5 Rb2+ 43. Kg3 Nxe3 44. Kf4 Nc4 45. Kg5 h6+ 46. Kf6 g5
47. Bd7 1-0

[Event "VII Open Vallee d'Aoste A"]
[Site "Saint Vincent - Chatillon ITA"]
[Date "1999.02.09"]
[Round "4"]
[White "Chenaux, Patrick"]
[Black "Pulito, Alberto"]
[Result "0-1"]
[WhiteElo "2223"]
[BlackElo "2057"]
[PlyCount "82"]
[EventDate "1999.02.06"]

1. d4 Nf6 2. c4 g6 3. Nc3 Bg7 4. e4 d6 5. Nf3 O-O 6. h3 Nc6 7. Be3 e5 8. d5 Ne7
9. Nd2 h6 10. Be2 Ne8 11. O-O f5 12. f3 f4 13. Bf2 g5 14. c5 Rf7 15. Nc4 Ng6
16. cxd6 Nxd6 17. a4 Bf8 18. Nb5 h5 19. Nxa7 Bd7 20. Nxd6 Bxd6 21. Nb5 g4 22.
fxg4 hxg4 23. Bxg4 Rg7 24. Nxd6 cxd6 25. Ra3 Nf8 26. Bxd7 Qxd7 27. Bb6 Nh7 28.
Rc3 Qxa4 29. Rc8+ Nf8 30. Rxa8 Qxa8 31. Qe2 Qc8 32. Rf3 Nd7 33. Rc3 Qf8 34. Bf2
Nf6 35. Bh4 Nd7 36. b4 Qf7 37. Rc7 f3 38. Qe3 Rxg2+ 39. Kh1 Rg7 40. Rxb7 Qg6
41. Qf2 Qxe4 0-1

[Event "VII Open Vallee d'Aoste A"]
[Site "Saint Vincent - Chatillon ITA"]
[Date "1999.02.09"]
[Round "4"]
[White "De la Riva Aguado, Oscar"]
[Black "Castaldo, Folco"]
[Result "1/2-1/2"]
[WhiteElo "2495"]
[BlackElo "2192"]
[PlyCount "41"]
[EventDate "1999.02.06"]

1. e4 e6 2. d4 d5 3. Nc3 Nf6 4. e5 Nfd7 5. f4 c5 6. Nf3 Nc6 7. Be3 cxd4 8. Nxd4
Bc5 9. Qd2 Nxd4 10. Bxd4 Bxd4 11. Qxd4 Qb6 12. O-O-O Qxd4 13. Rxd4 Ke7 14. Bb5
Nb6 15. Re1 h5 16. a4 a5 17. Kd2 g6 18. Rb1 Bd7 19. Bd3 Bc6 20. h4 Nd7 21. Re1
1/2-1/2

[Event "VII Open Vallee d'Aoste A"]
[Site "Saint Vincent - Chatillon ITA"]
[Date "1999.02.09"]
[Round "4"]
[White "De La Villa Garcia, Jesus Maria"]
[Black "Glek, Igor V."]
[Result "1-0"]
[WhiteElo "2478"]
[BlackElo "2566"]
[PlyCount "149"]
[EventDate "1999.02.06"]

1. e4 e6 2. d4 d5 3. Nc3 Nf6 4. Bg5 Bb4 5. exd5 Qxd5 6. Bxf6 Bxc3+ 7. bxc3 gxf6
8. Nf3 Qa5 9. Qd2 b6 10. Be2 Bb7 11. O-O Rg8 12. Rfb1 Qf5 13. Rb5 Qh3 14. g3 a6
15. Rb3 Nd7 16. c4 O-O-O 17. Qe3 e5 18. d5 Nc5 19. Rc3 h5 20. Bf1 Qg4 21. Bg2
Rde8 22. Re1 Kb8 23. Nd2 f5 24. Qe2 f4 25. Ne4 Qxe2 26. Rxe2 Nxe4 27. Bxe4 h4
28. Kf1 hxg3 29. hxg3 fxg3 30. fxg3 Rg7 31. Rf2 Reg8 32. Rf5 Bc8 33. Rxe5 f6
34. Rh5 Rxg3 35. Rxg3 Rxg3 36. Rh8 Re3 37. Bd3 Re5 38. Rf8 f5 39. Kf2 Kb7 40.
Kf3 b5 41. Kf4 Re1 42. c5 Bd7 43. c6+ Bxc6 44. dxc6+ Kxc6 45. Rf6+ Kb7 46. Bxf5
Ra1 47. Be4+ Ka7 48. Rc6 Rxa2 49. Rxc7+ Kb6 50. Rc6+ Ka5 51. Ke3 Ra1 52. Kd2
Kb4 53. Bd3 Ra4 54. Kc1 Ka3 55. Rc3+ Kb4 56. Rc6 Ka3 57. Bf5 a5 58. Rb6 Rb4 59.
Bd3 a4 60. Rxb5 Rh4 61. Bf5 Rf4 62. Bd7 Rf1+ 63. Kd2 Rf2+ 64. Kd3 Rf3+ 65. Kd4
Rf2 66. Bf5 Ka2 67. Be6+ Ka3 68. c4 Rf4+ 69. Kd5 Rh4 70. Rb8 Rh5+ 71. Kd6 Ra5
72. Bd5 Ra7 73. Ra8 Rh7 74. c5 Kb4 75. c6 1-0

[Event "VII Open Vallee d'Aoste A"]
[Site "Saint Vincent - Chatillon ITA"]
[Date "1999.02.09"]
[Round "4"]
[White "Drazic, Sinisa"]
[Black "Arlandi, Ennio"]
[Result "1-0"]
[WhiteElo "2478"]
[BlackElo "2445"]
[PlyCount "91"]
[EventDate "1999.02.06"]

1. e4 c6 2. d4 d5 3. Nc3 dxe4 4. Nxe4 Nd7 5. Nf3 Ngf6 6. Ng3 e6 7. Bd3 c5 8.
O-O Be7 9. b3 O-O 10. Bb2 b6 11. Qe2 Bb7 12. Rfd1 Qc7 13. c4 Rfe8 14. Ne4 Nxe4
15. Bxe4 Bxe4 16. Qxe4 Rad8 17. h3 Bf6 18. Qe2 cxd4 19. Nxd4 a6 20. b4 Ne5 21.
Rac1 Nc6 22. Nxc6 Rxd1+ 23. Rxd1 Bxb2 24. b5 Ba3 25. Qf3 Bc5 26. g3 h6 27. Kg2
e5 28. Qe4 g6 29. f4 Qc8 30. fxe5 Qe6 31. Qd5 Qf5 32. Rf1 Qc2+ 33. Kh1 Re6 34.
Qf3 f5 35. g4 Qxa2 36. gxf5 gxf5 37. Qg3+ Kh7 38. Rd1 Qxc4 39. Rd7+ Re7 40.
Rxe7+ Bxe7 41. Nxe7 Qf1+ 42. Kh2 Qe2+ 43. Kg1 Qd1+ 44. Kg2 Qd2+ 45. Kh1 Qd1+
46. Qg1 1-0

[Event "VII Open Vallee d'Aoste A"]
[Site "Saint Vincent - Chatillon ITA"]
[Date "1999.02.09"]
[Round "4"]
[White "Efimov, Igor"]
[Black "Sedina, Elena"]
[Result "1/2-1/2"]
[WhiteElo "2494"]
[BlackElo "2374"]
[PlyCount "101"]
[EventDate "1999.02.06"]

1. d4 Nf6 2. c4 c5 3. d5 b5 4. cxb5 a6 5. bxa6 g6 6. g3 Bxa6 7. Bg2 d6 8. Nh3
Bg7 9. Nf4 Nbd7 10. Nc3 O-O 11. h4 h6 12. Qc2 Ne5 13. h5 g5 14. Nh3 g4 15. Nf4
Qa5 16. O-O Rfb8 17. Nd1 Bc8 18. Bd2 Qa4 19. b3 Qa6 20. Ne3 Bd7 21. Bc3 c4 22.
b4 Qa4 23. Qb2 Qa3 24. Bxe5 dxe5 25. Qxa3 Rxa3 26. Nxc4 exf4 27. Nxa3 Nxh5 28.
Rab1 fxg3 29. e3 gxf2+ 30. Rxf2 Ng3 31. Nc4 Bb5 32. Na5 Ne2+ 33. Kh1 Ng3+ 34.
Kh2 Ne2 35. Rf5 Bd3 36. Nc6 Rb7 37. Re1 Bxf5 38. Rxe2 Bd3 39. Rd2 Bb5 40. a3 h5
41. Kg3 Bh6 42. Be4 Bxe3 43. Rh2 Bc1 44. Rxh5 Bxa3 45. Rg5+ Kf8 46. Bh7 Ke8 47.
Ne5 Kd8 48. Nxf7+ Kc7 49. Rxg4 Be8 50. Rc4+ Kb8 51. Nd8 1/2-1/2

[Event "VII Open Vallee d'Aoste A"]
[Site "Saint Vincent - Chatillon ITA"]
[Date "1999.02.09"]
[Round "4"]
[White "Hickl, Joerg"]
[Black "Novikov, Igor A."]
[Result "1/2-1/2"]
[WhiteElo "2575"]
[BlackElo "2601"]
[PlyCount "43"]
[EventDate "1999.02.06"]

1. c4 e6 2. Nf3 d5 3. b3 Be7 4. Bb2 Bf6 5. Qc2 Bxb2 6. Qxb2 Nf6 7. g3 O-O 8.
Bg2 c5 9. O-O Nc6 10. cxd5 Nxd5 11. Nc3 Qf6 12. Rab1 Nxc3 13. Qxc3 Qxc3 14.
dxc3 Bd7 15. Rfd1 Rfd8 16. Ng5 Be8 17. Ne4 Rxd1+ 18. Rxd1 b6 19. f4 Rd8 20.
Rxd8 Nxd8 21. Nd6 Bd7 22. Kf2 1/2-1/2

[Event "VII Open Vallee d'Aoste A"]
[Site "Saint Vincent - Chatillon ITA"]
[Date "1999.02.09"]
[Round "4"]
[White "Lacrosse, Marc"]
[Black "Tatai, Stefano"]
[Result "1-0"]
[WhiteElo "2175"]
[BlackElo "2359"]
[PlyCount "97"]
[EventDate "1999.02.06"]

1. d4 Nf6 2. c4 g6 3. Nc3 Bg7 4. e4 d6 5. Nf3 O-O 6. Be2 Bg4 7. Be3 Nfd7 8. Rc1
Nc6 9. d5 Bxf3 10. Bxf3 Na5 11. Be2 c5 12. h4 Ne5 13. b3 f5 14. f4 Nf7 15. h5
Qd7 16. hxg6 hxg6 17. exf5 gxf5 18. g4 e6 19. Qd3 Rfe8 20. Kd2 Nh6 21. Rcg1 Kf8
22. Rxh6 Bxh6 23. dxe6 Qxe6 24. gxf5 Qxe3+ 25. Qxe3 Rxe3 26. Kxe3 Bg7 27. Kd2
Bxc3+ 28. Kxc3 Re8 29. Kd3 Nc6 30. Bf3 Nb4+ 31. Kd2 Re7 32. a3 Nc6 33. Bd5 Rh7
34. f6 Rh8 35. Rg7 Na5 36. Rf7+ Ke8 37. Re7+ Kd8 38. Rg7 Rf8 39. f7 Nxb3+ 40.
Kc3 Nd4 41. Bxb7 Ke7 42. Kd3 Ne6 43. Rg4 Rxf7 44. Ke4 Nf8 45. Bd5 Rh7 46. Bg8
Rh8 47. Rg7+ Kd8 48. Kd5 Rh3 49. Rxa7 1-0

[Event "VII Open Vallee d'Aoste A"]
[Site "Saint Vincent - Chatillon ITA"]
[Date "1999.02.09"]
[Round "4"]
[White "Laketic, Gojko"]
[Black "Davies, Nigel R."]
[Result "0-1"]
[WhiteElo "2396"]
[BlackElo "2515"]
[PlyCount "65"]
[EventDate "1999.02.06"]

1. d4 d6 2. Nf3 g6 3. c4 Bg7 4. Nc3 a6 5. h3 Nd7 6. e4 e5 7. d5 Ne7 8. g4 O-O
9. Rg1 Kh8 10. Bg5 f6 11. Be3 f5 12. Bd3 Nf6 13. gxf5 gxf5 14. exf5 Nxf5 15.
Bxf5 Bxf5 16. Qd2 Qe7 17. O-O-O b5 18. Nh4 Bd7 19. Bh6 Rg8 20. cxb5 axb5 21. a3
b4 22. axb4 Nh5 23. Bxg7+ Rxg7 24. Rxg7 Qxg7 25. Qe3 Nf4 26. Kc2 Qf6 27. Nf3
Bf5+ 28. Kb3 c6 29. Qb6 cxd5 30. Qb7 Rf8 31. Rg1 d4 32. Ne4 Bxe4 33. Qxe4 $138
0-1

[Event "VII Open Vallee d'Aoste A"]
[Site "Saint Vincent - Chatillon ITA"]
[Date "1999.02.09"]
[Round "4"]
[White "Lugovoi, Aleksei"]
[Black "Sarno, Spartaco"]
[Result "1/2-1/2"]
[WhiteElo "2510"]
[BlackElo "2358"]
[PlyCount "53"]
[EventDate "1999.02.06"]

1. d4 Nf6 2. c4 g6 3. Nc3 d5 4. cxd5 Nxd5 5. e4 Nxc3 6. bxc3 Bg7 7. Nf3 c5 8.
Rb1 O-O 9. Be2 b6 10. O-O Bb7 11. Qd3 Ba6 12. Qe3 Qc8 13. d5 Bxe2 14. Qxe2 e6
15. c4 exd5 16. cxd5 Qa6 17. Qc2 Nd7 18. Re1 Rfe8 19. Bf4 c4 20. e5 Nc5 21. Bg3
b5 22. Re2 Qa4 23. Qc3 Rad8 24. Qd4 Ne6 25. Qe4 Nc5 26. Qd4 Ne6 27. Qe4 1/2-1/2

[Event "VII Open Vallee d'Aoste A"]
[Site "Saint Vincent - Chatillon ITA"]
[Date "1999.02.09"]
[Round "4"]
[White "Sadvakasov, Darmen"]
[Black "Lampic, Teo"]
[Result "1-0"]
[WhiteElo "2487"]
[BlackElo "2303"]
[PlyCount "117"]
[EventDate "1999.02.06"]

1. e4 d6 2. d4 e5 3. dxe5 dxe5 4. Qxd8+ Kxd8 5. Bc4 f6 6. f4 Bd6 7. Ne2 Nh6 8.
f5 Ke7 9. g4 Nf7 10. Ng3 Nc6 11. Nc3 Nd4 12. Nd5+ Kf8 13. Ne3 Bc5 14. c3 Nd6
15. Bd3 Nf3+ 16. Ke2 Ng5 17. h4 Ngf7 18. b4 Bb6 19. Nd5 c6 20. Nxb6 axb6 21. a4
c5 22. Be3 c4 23. Bc2 b5 24. axb5 Rxa1 25. Rxa1 Nxb5 26. Bc5+ Nfd6 27. Ke3 Kf7
28. Rd1 Rd8 29. Ne2 Na3 30. Rxd6 Rxd6 31. Bxd6 Nxc2+ 32. Kd2 Na3 33. g5 g6 34.
Ng3 Bd7 35. Bc5 Ba4 36. Kc1 Bc6 37. Kd2 Ba4 38. Kc1 Bc6 39. Kd2 Nb5 40. Kc2
Na3+ 41. Kc1 Nb5 42. Kd2 Nc7 43. Bb6 Ne8 44. Ke3 Bd7 45. Bd8 gxf5 46. Nxf5 fxg5
47. hxg5 Bxf5 48. exf5 Nd6 49. Bf6 Nxf5+ 50. Ke4 Ke6 51. Bxe5 b5 52. Bf4 Ne7
53. Kd4 Nd5 54. Bg3 Ne7 55. Kc5 Nd5 56. Be1 Nc7 57. Kc6 Ne8 58. Kxb5 Nd6+ 59.
Kc6 1-0

[Event "VII Open Vallee d'Aoste A"]
[Site "Saint Vincent - Chatillon ITA"]
[Date "1999.02.09"]
[Round "4"]
[White "Tomescu, Vlad"]
[Black "Franco Ocampos, Zenon"]
[Result "1/2-1/2"]
[WhiteElo "2436"]
[BlackElo "2463"]
[PlyCount "54"]
[EventDate "1999.02.06"]

1. e4 c6 2. d4 d5 3. exd5 cxd5 4. c4 Nf6 5. Nc3 e6 6. Nf3 Bb4 7. cxd5 Nxd5 8.
Bd2 Nc6 9. Bd3 O-O 10. O-O Be7 11. a3 Nf6 12. Bg5 b6 13. Rc1 Bb7 14. Bb1 Rc8
15. Qd3 g6 16. Rfd1 Nd5 17. Bh6 Nxc3 18. Rxc3 Re8 19. Ba2 Bf6 20. h3 Ne7 21.
Ne5 Nf5 22. Bf4 Rxc3 23. bxc3 Qe7 24. Bc1 Rd8 25. Re1 Bd5 26. Bxd5 Rxd5 27. Ng4
Bg7 1/2-1/2

[Event "VII Open Vallee d'Aoste A"]
[Site "Saint Vincent - Chatillon ITA"]
[Date "1999.02.09"]
[Round "4"]
[White "Vallejo Pons, Francisco"]
[Black "Ortega, Lexy"]
[Result "1-0"]
[WhiteElo "2494"]
[BlackElo "2485"]
[PlyCount "93"]
[EventDate "1999.02.06"]

1. e4 c5 2. Nf3 d6 3. d4 cxd4 4. Nxd4 Nf6 5. Nc3 a6 6. Be3 Ng4 7. Bg5 h6 8. Bh4
g5 9. Bg3 Bg7 10. Be2 h5 11. Bxg4 hxg4 12. O-O e6 13. Re1 Nd7 14. Bxd6 Be5 15.
Nf5 exf5 16. exf5 f6 17. Nd5 Kf7 18. Nc7 Nb6 19. Rxe5 fxe5 20. Nxa8 Rh6 21.
Nxb6 Rxd6 22. Qxg4 Rxb6 23. Rd1 Qh8 24. Qxg5 Rf6 25. g4 Qh6 26. Qxh6 Rxh6 27.
Kg2 Rc6 28. c3 Ke7 29. Rd5 Kf6 30. Kg3 b5 31. h4 Rb6 32. Rd8 Rc6 33. h5 Kg7 34.
Kh4 Rc4 35. Kg5 Rc6 36. Re8 Rc7 37. Rxe5 Bb7 38. f4 Bf3 39. h6+ Kh7 40. f6 Rf7
41. Re7 Bd5 42. b3 a5 43. f5 a4 44. bxa4 bxa4 45. a3 Kh8 46. Rxf7 Bxf7 47. Kf4
1-0

[Event "VII Open Vallee d'Aoste A"]
[Site "Saint Vincent - Chatillon ITA"]
[Date "1999.02.09"]
[Round "4"]
[White "Vera Gonzalez-Quevedo, Reynaldo"]
[Black "Mantovani, Renzo"]
[Result "1/2-1/2"]
[WhiteElo "2547"]
[BlackElo "2377"]
[PlyCount "45"]
[EventDate "1999.02.06"]

1. c4 e5 2. Nc3 Nc6 3. g3 g6 4. Bg2 Bg7 5. Rb1 Nge7 6. b4 O-O 7. e3 a5 8. a3
axb4 9. axb4 d6 10. Nge2 Be6 11. Nd5 Qd7 12. O-O Nc8 13. d3 Nd8 14. Bb2 c6 15.
Ndc3 Bh3 16. d4 Bxg2 17. Kxg2 exd4 18. Nxd4 Nb6 19. Qb3 d5 20. cxd5 Bxd4 21.
exd4 cxd5 22. Rfe1 Ne6 23. Re5 1/2-1/2

[Event "VII Open Vallee d'Aoste A"]
[Site "Saint Vincent - Chatillon ITA"]
[Date "1999.02.09"]
[Round "4"]
[White "Vezzosi, Paolo"]
[Black "Godena, Michele"]
[Result "0-1"]
[WhiteElo "2339"]
[BlackElo "2552"]
[PlyCount "68"]
[EventDate "1999.02.06"]

1. c4 Nf6 2. Nf3 Nc6 3. d4 e6 4. Nc3 Bb4 5. Bg5 h6 6. Bh4 g5 7. Bg3 Ne4 8. Qd3
d5 9. e3 h5 10. h4 Nxg3 11. fxg3 Bd6 12. O-O-O g4 13. Ne5 Nxe5 14. dxe5 Bxe5
15. cxd5 O-O 16. e4 Qf6 17. Qe3 exd5 18. exd5 Bf5 19. Bc4 Rfe8 20. Rhf1 Bxc3
21. Qxc3 Qxc3+ 22. bxc3 Re5 23. Rf4 Rd8 24. Rdf1 Bg6 25. Rf6 Kg7 26. Kd2 Re6
27. R6f4 c6 28. Rd4 cxd5 29. Bxd5 Red6 30. c4 b5 31. Kc3 bxc4 32. Kxc4 Rc8+ 33.
Kb3 Rc5 34. Rfd1 Rb6+ 0-1

[Event "VII Open Vallee d'Aoste A"]
[Site "Saint Vincent - Chatillon ITA"]
[Date "1999.02.09"]
[Round "4"]
[White "Zinani, Alessandro"]
[Black "Sulava, Nenad"]
[Result "0-1"]
[WhiteElo "2178"]
[BlackElo "2466"]
[PlyCount "110"]
[EventDate "1999.02.06"]

1. d4 d5 2. Nf3 Bg4 3. Bf4 Bxf3 4. exf3 e6 5. c3 Bd6 6. Bxd6 Qxd6 7. Bd3 Nd7 8.
O-O Ne7 9. Na3 c6 10. Re1 h5 11. c4 dxc4 12. Nxc4 Qc7 13. Qb3 O-O 14. Ne5 Rad8
15. Rad1 Qb6 16. Qc2 Nxe5 17. dxe5 Rd4 18. Qe2 Rfd8 19. Bc2 Rxd1 20. Rxd1 Rxd1+
21. Qxd1 Nd5 22. Bb3 g6 23. g3 Qc5 24. Qd2 a5 25. Qg5 Qe7 26. Qd2 Qb4 27. Qg5
Ne7 28. Kg2 b5 29. Bd1 Nd5 30. Qd8+ Kg7 31. Bb3 Ne7 32. Qd6 Nf5 33. Qxb4 axb4
34. Kf1 Nd4 35. Bd1 g5 36. Ke1 Kg6 37. g4 c5 38. Kd2 hxg4 39. fxg4 Nc6 40. Bc2+
Kg7 41. Bd3 c4 42. Be2 Nxe5 43. Ke3 f5 44. gxf5 exf5 45. f3 Kf6 46. Kd4 Ke6 47.
Bd1 Kd6 48. Ke3 Nd3 49. b3 Ke5 50. bxc4 bxc4 51. Ba4 f4+ 52. Kd2 Kd4 53. Bc6 b3
54. axb3 c3+ 55. Kd1 c2+ 0-1

[Event "VII Open Vallee d'Aoste A"]
[Site "Saint Vincent - Chatillon ITA"]
[Date "1999.02.10"]
[Round "5"]
[White "Arlandi, Ennio"]
[Black "Cebalo, Miso"]
[Result "1-0"]
[WhiteElo "2445"]
[BlackElo "2511"]
[PlyCount "69"]
[EventDate "1999.02.06"]

1. d4 Nf6 2. c4 g6 3. Nc3 Bg7 4. e4 d6 5. Nf3 O-O 6. Be2 Bg4 7. Be3 Nfd7 8. h4
c5 9. d5 b5 10. Nxb5 Bxb2 11. Rb1 Bg7 12. Qd2 Bxf3 13. Bxf3 Nb6 14. Be2 N8d7
15. h5 Ne5 16. Na3 Na4 17. Rb3 Rb8 18. Kf1 Qd7 19. Bh6 f5 20. hxg6 hxg6 21.
Bxg7 Kxg7 22. Qh6+ Kf6 23. f4 Nf7 24. Qh4+ Kg7 25. Qh7+ Kf6 26. Rg3 Rg8 27.
exf5 Qxf5 28. Bd3 Qxf4+ 29. Rf3 Qxf3+ 30. gxf3 Ne5 31. Bc2 Nb2 32. Rh4 Ned3 33.
Re4 e5 34. dxe6 Ne5 35. f4 1-0

[Event "VII Open Vallee d'Aoste A"]
[Site "Saint Vincent - Chatillon ITA"]
[Date "1999.02.10"]
[Round "5"]
[White "Bellia, Fabrizio"]
[Black "Lugovoi, Aleksei"]
[Result "0-1"]
[WhiteElo "2340"]
[BlackElo "2510"]
[PlyCount "92"]
[EventDate "1999.02.06"]

1. e4 c5 2. Nf3 d6 3. d4 cxd4 4. Nxd4 Nf6 5. Nc3 Nc6 6. Be2 e5 7. Nf3 h6 8. O-O
Be7 9. Re1 O-O 10. h3 Be6 11. Bf1 Nb8 12. Nd5 Nxd5 13. exd5 Bf5 14. c4 Nd7 15.
Be3 a5 16. b3 Bg6 17. a3 Bf6 18. b4 Bh5 19. g4 Bg6 20. Rc1 axb4 21. axb4 e4 22.
Nd2 Ne5 23. Qb3 Bg5 24. c5 f5 25. gxf5 Bxf5 26. c6 Nd3 27. Bxd3 exd3 28. Nf3
Bxe3 29. Rxe3 Qf6 30. Qc3 Qg6+ 31. Kh2 Qh5 32. Ng1 Be4 33. Rf1 Qxd5 34. cxb7
Qxb7 35. Qd4 d5 36. Rg3 Ra4 37. Rb1 Qc7 38. h4 d2 39. Rd1 Rxb4 40. Qxd2 Rb3 41.
Nh3 Rxg3 42. fxg3 Rf3 43. Rg1 Rd3 44. Qe1 Qc2+ 45. Nf2 Rd2 46. Rf1 Re2 0-1